书目信息 |
| 题名: |
抗日战争时期解放区概况
|
|
| 作者: | ;人民出版社 编 | |
| 分册: | ||
| 出版信息: | 北京 人民出版社 1953.11 |
|
| 页数: | 132页 | |
| 开本: | 19cm | |
| 丛书名: | 中国现代史资料丛刊 | |
| 单 册: | ||
| 中图分类: | K264.06 | |
| 科图分类: | ||
| 主题词: | 中国--历史 | |
| 电子资源: | ||
| ISBN: | ||
| 000 | 00674nam0 2200229 45 | |
| 001 | 0210300955 | |
| 005 | 20060728165410.09 | |
| 010 | @dCNY0.48 | |
| 091 | @a11001.55 | |
| 100 | @a20021030d19531981km y0chiy0120 ea | |
| 101 | 0 | @achi |
| 105 | @ab z 000yy | |
| 200 | 1 | @a抗日战争时期解放区概况@AKang Ri Zhan Zheng Shi Qi Jie Fang Qu Gai Kuang@f人民出版社编@Fren min chu ban she bian |
| 210 | @a北京@c人民出版社@d1953.11 | |
| 215 | @a132页@d19cm | |
| 225 | @a中国现代史资料丛刊 | |
| 410 | @12001 @a中国现代史资料丛刊 | |
| 606 | 0 | @a中国@x历史 |
| 690 | @aK264.06@v3 | |
| 711 | 0 | @a人民出版社@Aren min chu ban she@4编 |
| 801 | @aCN@bTSTC@c20060728 | |
| 905 | @dK264.06@e9 | |
| 抗日战争时期解放区概况/人民出版社编.-北京:人民出版社,1953.11 |
| 132页;19cm.-(中国现代史资料丛刊) |
| ISBN :CNY0.48 |
| ● |
| 相关链接 |
|
|
|
|
正题名:抗日战争时期解放区概况
索取号:K264.06/9
 
预约/预借
| 序号 | 登录号 | 条形码 | 馆藏地/架位号 | 状态 | 备注 |
| 1 | 0067226 | 001616497 | 密集书库/ [索取号:K264.06/9] | 在馆 | |
| 2 | 0067227 | 000353254 | 第二借阅区/ [索取号:K264.06/9] | 在馆 | |
| 3 | 0067228 | 000353245 | 第二样本阅览室/ [索取号:K264.06/9] | 在馆 | |
| 4 | 0067229 | 202162685 | 密集书库/ [索取号:K264.06/9] | 在馆 | |
| 5 | 0067230 | 202287578 | 密集书库/ [索取号:K264.06/9] | 在馆 | |
| 6 | 0443785 | 204437859 | 密集书库/ [索取号:K264.06/9] | 在馆 |